Score 0/13 Timer 02:00
0 Plays Today
Clue Answer % Correct
Late actor Ledger, or a toffee treat by HersheyHEATH
97.3%
One of life's certainties►DEATH◄
94%
Documents sent over a telephone lineFAXES
84.8%
Preliminary racesHEATS
84.3%
Confronts a fearFACES
83.8%
''The _____ of Life''FACTS
82.7%
Prepares for a long vacationPACKS
82.2%
One of life's certainties►TAXES◄
81.5%
War agreementsPACTS
80.7%
There are four of them in a bushelPECKS
67%
Comes from the heartBEATS
66.3%
Highest values of a wave's amplitudePEAKS
60.9%
Bills, bills, billsBEAKS
46.5%

Today's Daily Dose

Remove Ads.
Support Sporcle.
Get the best of Sporcle when you Go Orange. This ad-free experience offers more features, more stats, and more fun while also helping to support Sporcle. Thank you for becoming a member.

You're not logged in!

Compare scores with friends on all Sporcle quizzes.
OR
Log In

Show Comments

Extras

Top Quizzes Today


Score Distribution

Your Account Isn't Verified!

In order to create a playlist on Sporcle, you need to verify the email address you used during registration. Go to your Sporcle Settings to finish the process.

Report this User

Report this user for behavior that violates our Community Guidelines.

Details: